Premier league 23-24 - Statistiques

Statistiques générales
  • Ce quiz a été pris 744 fois
  • Le résultat moyen est 16 sur 20
Statistiques - réponses
Réponses % Correct
Manchester city
98%
Manchester United
98%
Arsenal
96%
Liverpool
96%
Chelsea
94%
Tottenham
92%
Aston villa
87%
Newcastle
81%
Brighton
80%
Everton
80%
West ham
79%
Luton
74%
Crystal Palace
71%
Wolves
68%
Burnley
67%
Brentford
66%
Fulham
65%
Nottingham
64%
Sheffield United
63%
Bournemouth
60%
Aucun quiz correspondant
Distribution des résultats
% des personnes avec chaque résultat
Percentile par nombre de réponses
Votre historique - résultats
Vous n’avez pas pris ce quiz